000 00661nam a22002057a 4500
003 0
005 20240212122305.0
008 240212b xxu||||| |||| 00| 0 eng d
020 _a978-1-119-55821-7
050 _aHD 57.7
_b.L38 2019
100 _aLaviolette, Norm
245 _aUsing the principle of improv : the art of making shit up
_cNorm Laviolette
260 _aHoboken, New Jersey
_bJohn Wiley & Sons, Inc.
_cc2019.
300 _ax, 176 pages ;
_c24 cm.
504 _aIncludes bibliographical references, index, and glossary.
650 _aLeadership.
650 _aManagement.
650 _aCommunication in management.
942 _2lcc
_cBK
999 _c365915
_d365915